000
00330 a2200145 4500
001
169557
020
_a
040
_c
Magnum
100
_a
Rogers, Carl
240
1
0
_a
Psicoterapia y relaciones humanas - v.1
_l
por
245
1
0
_a
Psicoterapia y relaciones humanas - v.1
362
0
_a
1899
697
_a
PSICOLOGIA
942
_c
BK
999
_c
169557
_d
169557